Oldest Levels in Escape the Backrooms - Statistics

General Stats
  • This quiz has been taken 13 times
  • The average score is 7 of 8
Answer Stats
Answer % Correct
The Habitable Zone
100%
The Lobby
100%
Level Fun
92%
Pipe Dreams
92%
The End
83%
Run For Your Life!
75%
The Poolrooms
67%
The Infinite Staircase
58%
No matching quizzes found
Score Distribution
Percent of People with Each Score
Percentile by Number Answered
Your Score History
You have not taken this quiz